| 000 | 00518nam a2200193Ia 4500 | ||
|---|---|---|---|
| 003 | OSt | ||
| 005 | 20260224104714.0 | ||
| 008 | 250729s2007 xx 000 0 und d | ||
| 040 | _cAL | ||
| 041 | _akan | ||
| 082 | _a370 SHAA | ||
| 100 |
_aಶಶಿಕಲಾ ಎ ರಾಧಾಮಣಿ _9229661 |
||
| 245 | _aಆಧುನಿಕ ಶಿಕ್ಷಣದ ಒಲವುಗಳು | ||
| 260 |
_aಗದಗ _c2007 |
||
| 300 | _a366p | ||
| 650 |
_aEducation _9229662 |
||
| 700 |
_aRao Digumurthi _9229663 |
||
| 942 |
_2ddc _cBED |
||
| 999 |
_c238406 _d238406 |
||